Les relations thyro-ovariennes; étude physiologique, clinique et thérapeutique ... (Record no. 38291)

MARC details
000 -LEADER
fixed length control field 00595cam a22002051 4500
001 - CONTROL NUMBER
control field med47001283
003 - CONTROL NUMBER IDENTIFIER
control field DLC
005 - DATE AND TIME OF LATEST TRANSACTION
control field 20260227111602.0
008 - FIXED-LENGTH DATA ELEMENTS--GENERAL INFORMATION
fixed length control field 810920s1946 xx a 000 0 fre
010 ## - LIBRARY OF CONGRESS CONTROL NUMBER
LC control number med47001283
035 ## - SYSTEM CONTROL NUMBER
System control number (OCoLC)14747870
040 ## - CATALOGING SOURCE
Original cataloging agency DLC
Transcribing agency DNLM
Modifying agency DLC
042 ## - AUTHENTICATION CODE
Authentication code premarc
050 00 - LIBRARY OF CONGRESS CALL NUMBER
Classification number QP187
Item number .L4
060 0# - NATIONAL LIBRARY OF MEDICINE CALL NUMBER
Classification number WP 520
Item number L473r 1946
100 1# - MAIN ENTRY--PERSONAL NAME
Personal name Lederer, Jean.
245 14 - TITLE STATEMENT
Title Les relations thyro-ovariennes; étude physiologique, clinique et thérapeutique ...
260 ## - PUBLICATION, DISTRIBUTION, ETC.
Place of publication, distribution, etc. Bruxelles,
Name of publisher, distributor, etc. Librarie médicale de l'A. B. G. E. [etc.]
Date of publication, distribution, etc. 1946.
300 ## - PHYSICAL DESCRIPTION
Extent 204 p.
Other physical details ill.

No items available.

Powered by Koha